Tutti gli Stati che hanno controllato Arequipa - Statistics

Statistiche generali
  • Questo quiz è stato fatto 12 volte
  • Il punteggio medio è 4 su 9
Statistiche sulle risposte
con Immagini Hint Risposta % Corretto
1540 - 1814 Impero Coloniale Spagnolo (Governatorato della Nuova Castiglia / Vicereame del Perù)
91%
1814 - 1824 Impero Coloniale Spagnolo (Vicereame del Perù)
82%
1884 - Oggi Terza Repubblica del Perù
73%
1824 - 1836 Prima Repubblica del Perù
27%
1841 - 1883 Seconda Repubblica del Perù
27%
1839 - 1841 Secondo Governo Provvisorio del Perù
27%
1836 - 1839 Confederazione Perù-Bolivia
18%
1883 - 1884 Repubblica del Cile
18%
1814 Giunta Governativa di Cuzco
9%
Nessun quiz corrispondente trovato
Distribuzione punteggi
Percentuale di utenti per punteggio
Percentile per numero di risposta
I tuoi punteggi nel tempo
Non hai fatto questo quiz